书目信息 |
| 书名: | The Mayan Mission | |
| 作者: | Karen B. Chapman | |
| 分册号: | ||
| 分册名: | 出版地: | U.S |
|
| 出版社: | Publisher: John Wiley | |
| 出版时间: | 2005.10 | |
| 页数: | 326p | |
| 开本: | 21cm | |
| 丛书名: | ||
| 中图分类号: | ||
| 科图分类号: | ||
| 其他分类号: | Z836 | |
| 主题词: | ||
| 电子资源: | ||
| 000 | 00434nam0 2200169 450 | |
| 001 | 202012000104 | |
| 005 | 20121107102424.0 | |
| 008 | 12101301s | |
| 020 | @a9780764598203@c$16.99 | |
| 099 | @dZ836@eK1834 | |
| 245 | 10 | @aThe Mayan Mission @cKaren B. Chapman |
| 260 | 0 | @aU.S@bPublisher: John Wiley @c2005.10 |
| 300 | @a326p@c21cm | |
| 905 | @eK1834 | |
| 905 | @b5345-7 | |
| 905 | @eK1834 | |
| 905 | @aTSG@dZ836@eK1834 | |
| The Mayan Mission / Karen B. Chapman.-U.S : Publisher: John Wiley , 2005.10 |
| 326p ; 21cm |
| ISBN 9780764598203$16.99 |
| ● |
| 相关链接 |
|
|
|
正题名:The Mayan Mission
索取号:Z836/K1834
 
预约/预借
| 序号 | 登录号 | 条形码 | 馆藏地/架位号 | 状态 | 备注 |
| 1 | 5345 | 300053457 | 自科库201/400A自科库 34排3列4层/ [索取号:Z836/K1834] | 在馆 | |
| 2 | 5346 | 300053466 | 自科库201/ [索取号:Z836/K1834] | 在馆 | |
| 3 | 5347 | 300053475 | 自科库201/400A自科库 34排3列4层/ [索取号:Z836/K1834] | 在馆 |